Cat watching /

Đã lưu trong:
Chi tiết về thư mục
Tác giả chính: Morris, Desmond (Tác giả)
Định dạng: Sách
Ngôn ngữ:Tiếng Anh
Được phát hành: New York : Crown, 1987
Các nhãn: Thêm thẻ
Không có thẻ, Là người đầu tiên thẻ bản ghi này!

MARC

LEADER 00000nam a22000001i 4500
001 IT\ICCU\TO0\1330959
003 ItRI
005 20240508184953.0
008 040730s1987 xxu|||||| ||||| |||||c
020 |a 0517565188 
040 |b ita  |c GP 
041 7 |a eng  |2 ISO-639-2 
100 1 |a Morris, Desmond  |0 IT\ICCU\CFIV\001731  |4 aut 
245 1 0 |a Cat watching /  |c Desmond Morris. 
260 |a New York :  |b Crown,  |c 1987 
300 |a VI, 136 p. :  |b ill. ;  |c 22 cm. 
942 |2 ddc  |c BK 
952 |0 0  |1 0  |2 ddc  |4 0  |6 810_000000000000000_MOR  |7 1  |9 1291  |a RM  |b RM  |d 2024-05-08  |l 0  |o 810 MOR  |p 564  |r 2024-05-08 18:50:13  |w 2024-05-08  |y BK 
981 1 |6 z01  |a i   |b xxxe  
982 1 |6 z01  |a n 
999 |c 1192  |d 1192